The ULTIMATE Beatles Trivia Quiz 3! - Statistics

General Stats
  • This quiz has been taken 66 times
  • The average score is 9 of 15
Answer Stats
Question Answer % Correct
How old was John Lennon when he was murdered in New York? 40
95%
Who coined the term: 'A hard days night'? Ringo
82%
'Hey Jude' is a song written by Paul for John's first born son, Julian. But what is the full name of his second son whom he had with Yoko Ono? Sean Ono Lennon
76%
Who produced the 'Let It Be' album? Phil Spector
71%
Later in his career, George formed a new group called 'The Travelling Wilburys' in the 80s containing Tom Petty, Roy Orbison, Jeff Lynne and which other critically acclaimed musician? Bob Dylan
65%
"see how they run, like pigs from a gun, see how they fly, I'm crying..." is a ridiculous line from which ridiculous Beatles song? I Am the Walrus
65%
What is now known as the 'last' Beatles song? Now and then
65%
in 1966, John went on vacation to Spain, where he had an alleged intimate relationship with another man close to the band, but who was it? Brian Epstein
64%
'I'm looking through you' is a Paul McCartney hit featured on Rubber Soul, specifically written about his partner at the time. Who was that? Jane Asher
60%
On the same album, Paul McCartney wrote a furious letter directed mainly to Phil Spector due to his production on the album, but which specific song was Paul the most upset about as mentioned in the letter? The long and winding road
56%
What was the first song from the Beatles that contained Eastern influences, or more specifically a sitar? Norwegian Wood
55%
What is the last line in 'A Day in the Life'? I'd love to turn you on
40%
Julia was written by John for his mother, who passed away when he was 14. But how did she die? Car crash
31%
What is Ringo Starr's real name? Ritchie Starkey
31%
Which Beatles No 1 does Ringo ride a bike in the Official Music Video for? I feel fine
29%
No matching quizzes found
Score Distribution
Percent of People with Each Score
Percentile by Number Answered
Your Score History
You have not taken this quiz